000 00774nam a2200229Ia 4500
001 11410
003 GE_BSU
008 181216s||||||||xx |||||||||||||| ||und||
040 _cGE_BSU
080 _a663.72(075.8)
100 _aჩხაიძე გ.
245 _aმეჩაიეობა
245 _bსახელმძღვანელო სუბტროპიკული მეურნეობის ინსტიტუტის სტუდენტებისათვის
245 _cრედ: პ. ვეშაპიძე
260 _aთბილისი.
260 _bგანათლება.
260 _c1989
300 _a364გვ.22სმ.
300 _eილ.
653 _aმეჩაიეობა
942 _cBK
999 _c44607
_d44607